000 00515nam a2200205Ia 4500
005 20250923145428.0
008 008 250917s9999 xx 000 0 eng d
037 _aTextual
040 _aDSWL
_beng
_cDSWL
041 _aeng
_2eng
084 _aY59
_qDSWL
100 _aRao, S.R.
_9835217
245 0 _aChildren of God
_c by S.R.Rao
260 _aBombay
_bSangam Books
_c1976
300 _a157 p.
365 _aINR
_b9.5
925 _g9.5
942 _cTEXL
_hY59
999 _c1451250
_d1451250